Vietnamese English dictionary = Việt - Anh từ điển
Saved in:
| Main Author: | |
|---|---|
| Format: | Book |
| Language: | Undetermined |
| Published: |
Sài Gòn
Khai Trí
1966
|
| Subjects: | |
| Tags: |
Add Tag
No Tags, Be the first to tag this record!
|
| Institutions: | Trung tâm Học liệu Trường Đại học Cần Thơ |
|---|
| LEADER | 00640nam a2200205Ia 4500 | ||
|---|---|---|---|
| 001 | CTU_26162 | ||
| 008 | 210402s9999 xx 000 0 und d | ||
| 082 | |a 495.9223 | ||
| 082 | |b Kh454 | ||
| 100 | |a Nguyễn, Văn Khôn | ||
| 245 | 0 | |a Vietnamese English dictionary = | |
| 245 | 0 | |b Việt - Anh từ điển | |
| 245 | 0 | |c Nguyễn Văn Khôn | |
| 260 | |a Sài Gòn | ||
| 260 | |b Khai Trí | ||
| 260 | |c 1966 | ||
| 650 | |a English language,Vietnamese language | ||
| 650 | |x Dictionaries,Dictionaries | ||
| 904 | |i Minh, 981009. Qhieu đã sửa trong CSDL | ||
| 980 | |a Trung tâm Học liệu Trường Đại học Cần Thơ | ||